000 00485nam a22001817a 4500
005 20260514115640.0
010 _aENG-148460
020 _a9780199468126
_c200.00
035 _aEN-131992
037 _bDBAD
082 _a822
245 _aWilliam Shakespere Macbeth/
_cEdited By Bernard Groom
250 _a1
260 _aDelhi
_bOxford University Press
_c2016
270 _aOxford University Press
300 _a192p.
_c22cm(pb)
942 _2ddc
_cEN
_h822
_mMAC
999 _c216184
_d216184